Una arqueología de lo político : regímenes de poder desde el siglo XVII /
Guardado en:
| Autor Principal: | |
|---|---|
| Formato: | Libro |
| Idioma: | Undetermined |
| Publicado: |
Ciudad Autónoma de Buenos Aires :
Fondo de Cultura Económica,
2018.
|
| Edición: | 1a. ed. |
| Series: | Filosofía
|
| Materias: | |
| Etiquetas: |
Agregar Etiqueta
Sin Etiquetas, Sea el primero en etiquetar este registro!
|
| LEADER | 00554nam a22001695a 4500 | ||
|---|---|---|---|
| 001 | DER.der015338 | ||
| 008 | 251023s2018####xx############000#0#und#d | ||
| 005 | 20251023111019.0 | ||
| 245 | 1 | 0 | |a Una arqueología de lo político : |b regímenes de poder desde el siglo XVII / |c Elías J. Palti. |
| 250 | |a 1a. ed. | ||
| 260 | |a Ciudad Autónoma de Buenos Aires : |b Fondo de Cultura Económica, |c 2018. | ||
| 300 | |a 309 p. | ||
| 490 | 1 | |a Filosofía | |
| 020 | |a 9789877191349 | ||
| 100 | 1 | |a Palti, Elías J. | |
| 650 | 7 | |a FILOSOFIA | |
| 859 | |a DERECHO |b BIB. DERECHO |h 190 |i PAL |p 0010662 | ||
